000 00535nam a2200217Ia 4500
005 20230426031037.0
008 230125s9999 xx 000 0 und d
020 _a9788126563418
041 _aeng
082 _a659.1
_bWIN
100 _aWind Y
_9116814
245 _aBeyond Advertising
260 _c2016
_bWiley India (p) Ltd
_aNew Delhi
300 _a261p
500 _aadvertising
650 _aadvertising
700 _aWind Y & Hays C F
_9116815
906 _b185.69
942 _cBK
999 _c94512
_d94512